Moderní metody a techniky marketingového výzkumu

Guardado en:
Detalles Bibliográficos
Autor principal: Kozel, Roman
Otros Autores: Mynářová, Lenka, Svobodová, Hana
Formato: Libro
Lenguaje:checo
Publicado: Praha Grada Publishing 2011
Colección:Expert
Materias:
Etiquetas: Agregar Etiqueta
Sin Etiquetas, Sea el primero en etiquetar este registro!

MARC

LEADER 00000nam a2200000 4500
001 0144001
005 20240313090127.5
020 |a 978-80-247-3527-6 
041 0 |a cze 
044 |a CZ 
245 1 0 |a Moderní metody a techniky marketingového výzkumu  |c Roman Kozel, Lenka Mynářová, Hana Svobodová 
264 1 |a Praha  |b Grada Publishing  |c 2011 
300 |a 304 s. 
490 1 |a Expert 
830 0 |a Expert 
610 2 0 |a marketing 
610 2 0 |a výskum marketingový 
610 2 0 |a metódy výskumu 
610 2 0 |a techniky výskumné 
100 1 |a Kozel, Roman 
700 1 |a Mynářová, Lenka 
700 1 |a Svobodová, Hana